| 000 | 01139nam a2200289Ia 4500 | ||
|---|---|---|---|
| 001 | ebr10052752 | ||
| 003 | CaPaEBR | ||
| 006 | m u | ||
| 007 | cr cn||||||||| | ||
| 008 | 000815s2003 enk s 000 0 eng d | ||
| 020 | _z0861768205 | ||
| 040 |
_aCaPaEBR _cCaPaEBR |
||
| 035 | _a(OCoLC)133165189 | ||
| 050 | 1 | 4 |
_aLB2806.22 _b.A77 2003eb |
| 245 | 0 | 0 |
_aAssessing and examining research award _h[electronic resource] / _cguest editors, Stuart Powell and Howard Green. |
| 260 |
_aBradford, England : _bEmerald Group Publishing, _cc2003. |
||
| 300 | _a84 p. | ||
| 490 | 0 |
_aQuality assurance in education ; _vv.11, no. 2 |
|
| 533 |
_aElectronic reproduction. _bPalo Alto, Calif. : _cebrary, _d2009. _nAvailable via World Wide Web. _nAccess may be limited to ebrary affiliated libraries. |
||
| 650 | 0 | _aEducational accountability. | |
| 650 | 0 | _aQuality assurance. | |
| 655 | 7 |
_aElectronic books. _2local |
|
| 700 | 1 | _aGreen, Howard. | |
| 700 | 1 | _aPowell, Stuart. | |
| 710 | 2 | _aebrary, Inc. | |
| 856 | 4 | 0 |
_uhttp://site.ebrary.com/lib/rucke/Doc?id=10052752 _zAn electronic book accessible through the World Wide Web; click to view |
| 999 |
_c64994 _d64994 |
||